All Division I College Football Teams by Logo - Statistics

General Stats
  • This quiz has been taken 19,958 times
    13,102 since last reset
  • The average score is 184 of 265
Answer Stats
Picture Answer % Correct
Alabama
98%
Air Force
96%
Arizona
96%
Arkansas
95%
Auburn
95%
Arizona State
94%
Army
94%
Baylor
94%
BYU
93%
Clemson
93%
Colorado
93%
Duke
93%
Georgia
93%
Boise State
92%
Boston College
92%
Florida
92%
Florida State
92%
Akron
91%
Connecticut
91%
Georgia Tech
91%
Indiana
91%
Iowa
91%
Kansas
91%
Michigan
91%
Cincinnati
90%
Colorado State
90%
Illinois
90%
Iowa State
90%
Kentucky
90%
LSU
90%
Miami
90%
Michigan State
90%
North Carolina
90%
Bowling Green
89%
Harvard
89%
Hawaii
89%
Houston
89%
Kansas State
89%
Nebraska
89%
Oregon
89%
Pennsylvania
89%
Sam Houston
89%
Texas
89%
Maryland
88%
Minnesota
88%
Missouri
88%
Navy
88%
Notre Dame
88%
Ohio
88%
Oklahoma
88%
Ole Miss
88%
Penn State
88%
Appalachian State
87%
Louisiana
87%
Louisville
87%
Oregon State
87%
Pittsburgh
87%
Purdue
87%
South Carolina
87%
Tennessee
87%
Texas A&M
87%
Arkansas State
86%
Ball State
86%
Buffalo
86%
Memphis
86%
Mississippi State
86%
NC State
86%
Northwestern
86%
Ohio State
86%
Stanford
86%
Texas Tech
86%
Florida Atlantic
85%
Liberty
85%
New Mexico
85%
Rutgers
85%
Utah
85%
Virginia
85%
Washington
85%
Marshall
84%
SMU
84%
Syracuse
84%
Utah State
84%
Vanderbilt
84%
Virginia Tech
84%
West Virginia
84%
Wisconsin
84%
Yale
84%
Central Michigan
83%
Coastal Carolina
83%
Delaware
83%
Georgia State
83%
Kent State
83%
Louisiana Tech
83%
Princeton
83%
Rice
83%
San Diego State
83%
Wake Forest
83%
East Carolina
82%
San Diego
82%
South Florida
82%
Temple
82%
Tulane
82%
Washington State
82%
Charlotte
81%
Indiana State
81%
Kennesaw State
81%
New Mexico State
81%
North Dakota
81%
Oklahoma State
81%
Southern
81%
TCU
81%
Alabama A&M
80%
Brown
80%
California
80%
Eastern Michigan
80%
Grambling
80%
Miami (OH)
80%
North Texas
80%
Old Dominion
80%
UCLA
80%
USC
80%
Villanova
80%
Wyoming
80%
Montana
79%
Troy
79%
Dayton
78%
Fresno State
78%
Nevada
78%
North Dakota State
78%
South Dakota
78%
Texas State
78%
Western Kentucky
78%
Georgetown
77%
Georgia Southern
77%
FIU
76%
Jackson State
76%
Middle Tennessee
76%
San Jose State
75%
Cornell
74%
Dartmouth
74%
Eastern Washington
74%
Idaho
74%
Missouri State
74%
Montana State
74%
UAB
74%
Colgate
73%
Illinois State
73%
James Madison
73%
Rhode Island
73%
South Dakota State
73%
Toledo
73%
Holy Cross
72%
Butler
71%
Drake
71%
Richmond
71%
Florida A&M
70%
Tennessee State
70%
UTSA
70%
Furman
69%
Chattanooga
68%
South Alabama
68%
Alabama State
67%
Fordham
67%
McNeese
67%
UCF
67%
Cal Poly
66%
Jacksonville State
66%
UTEP
66%
Duquesne
65%
Western Michigan
65%
Alcorn State
64%
Louisiana-Monroe
64%
Austin Peay
63%
Northern Illinois
63%
Southern Miss
63%
Tennessee Tech
63%
William & Mary
63%
Bryant
61%
Howard
61%
Idaho State
61%
Lehigh
61%
LIU
61%
The Citadel
61%
Albany
60%
Columbia
60%
Davidson
60%
Delaware State
60%
Mercer
60%
Sacramento State
60%
Wofford
58%
Campbell
57%
Murray State
57%
Samford
57%
South Carolina State
57%
Northern Arizona
56%
Portland State
56%
Elon
55%
Abilene Christian
54%
Maine
54%
Utah Tech
54%
Youngstown State
54%
Bethune-Cookman
52%
Stephen F. Austin
52%
UNLV
52%
North Carolina A&T
51%
East Tennessee State
50%
Tarleton State
50%
Texas Southern
50%
Arkansas-Pine Bluff
49%
Bucknell
49%
VMI
49%
Norfolk State
48%
Stetson
47%
Incarnate Word
46%
Tulsa
46%
Central Arkansas
45%
Gardner-Webb
45%
Morehead State
45%
Eastern Illinois
44%
Lafayette
44%
Nicholls
44%
Prairie View A&M
44%
Saint Francis
44%
Lamar
43%
Northern Iowa
43%
Weber State
43%
Central Connecticut
42%
Sacred Heart
42%
Marist
41%
Presbyterian
41%
Southern Illinois
41%
Monmouth
40%
Robert Morris
40%
Merrimack
39%
Saint Thomas
39%
Hampton
37%
Lindenwood
37%
Mississippi Valley State
37%
North Alabama
37%
Valparaiso
37%
Eastern Kentucky
36%
Houston Christian
36%
New Hampshire
36%
Towson
35%
West Georgia
35%
Stony Brook
34%
UC Davis
34%
Northern Colorado
33%
Western Illinois
33%
Charleston Southern
32%
Northwestern State
32%
UT Martin
32%
Wagner
31%
Mercyhurst
30%
UTRGV
30%
East Texas A&M
29%
Southeastern Louisiana
28%
Western Carolina
28%
Massachusetts
27%
Morgan State
27%
Southeast Missouri State
26%
Stonehill
26%
North Carolina Central
24%
Southern Utah
24%
New Haven
20%
No matching quizzes found
Score Distribution
Percent of People with Each Score
Percentile by Number Answered
Your Score History
You have not taken this quiz since the last reset